ბათუმის შოთა რუსთაველის სახელმწიფო უნივერსიტეტის ბიბლიოთეკა

Лекции по методам решения экстремальных задач. (ბიბ.ჩანაწერი № 48142)

000 -LEADER
fixed length control field 00618nam a2200205Ia 4500
001 - CONTROL NUMBER
control field 15024
003 - CONTROL NUMBER IDENTIFIER
control field GE_BSU
008 - FIXED-LENGTH DATA ELEMENTS--GENERAL INFORMATION
fixed length control field 181216s||||||||xx |||||||||||||| ||und||
040 ## - CATALOGING SOURCE
Transcribing agency GE_BSU
080 ## - UNIVERSAL DECIMAL CLASSIFICATION NUMBER
Universal Decimal Classification number 519.6
100 ## - MAIN ENTRY--PERSONAL NAME
Personal name Васильев, Ф.П.
245 ## - TITLE STATEMENT
Title Лекции по методам решения экстремальных задач.
245 ## - TITLE STATEMENT
Statement of responsibility, etc. Ред.Л.Н.Лукиных
260 ## - PUBLICATION, DISTRIBUTION, ETC.
Place of publication, distribution, etc. Москва
260 ## - PUBLICATION, DISTRIBUTION, ETC.
Name of publisher, distributor, etc. Моск. ун-т
260 ## - PUBLICATION, DISTRIBUTION, ETC.
Date of publication, distribution, etc. 1974
300 ## - PHYSICAL DESCRIPTION
Extent 374стр.22см.
653 ## - INDEX TERM--UNCONTROLLED
Uncontrolled term Лекции по методам решения экстремальных задач.
942 ## - ADDED ENTRY ELEMENTS (KOHA)
Koha item type წიგნი
ეგზემპლარები
Withdrawn status Lost status Damaged status Not for loan Date acquired Barcode Date last seen Price effective from Koha item type
        2018-12-17 17536 2018-12-17 2018-12-17 წიგნი